Największe transfery sezonu 2017/18. - Statystyki

Ogólne statystyki
  • Ten quiz został rozwiązany 121 razy
  • Średni wynik to 8 z 10
Statystyki odpowiedzi
# Piłkarz Narodowość Klub oddający Kwota transferu Klub pozyskujący % Poprawnych
1 Neymar
222,00 mln €
99%
2 Ousmane Dembélé
140,00 mln €
90%
5 Virgil van Dijk
84,65 mln €
90%
4 Romelu Lukaku
84,70 mln €
87%
3 Philippe Coutinho
135,00 mln €
86%
8 Pierre-Emerick Aubameyang
63,75 mln €
86%
7 Aymeric Laporte
65,00 mln €
66%
6 Álvaro Morata
66,00 mln €
57%
9 Diego Costa
60,00 mln €
49%
10 Benjamin Mendy
57,50 mln €
43%
Nie znaleziono quizów pasujących do podanych kryteriów
Rozkład punktacji
Procent ludzi z każdym wynikiem
Percentyl według liczby udzielonych odpowiedzi
Twoja historia wyników
Nie rozwiązałeś tego quizu